000 00429nam a2200145Ia 4500
008 100122s9999 xx 000 0 und d
082 _b8210
_a823
100 _aआपटे ह ना
245 _aमायेचा बाजार
260 _bप्रकाशक शोधणे
_c1941
300 _a50
630 _aमायेचा बाजार
730 _aमायेचा बाजार
942 _cBOOK
999 _c400572
_d400569